000
00277nam a2200121Ia 4500
008
231129s9999||||xx |||||||||||||| ||spa||
040
_b
spa
082
_a
620 F987i
100
_a
Furnas C.C.
245
0
_a
El ingeniero
264
_a
Time-Life Internacional
942
_2
ddc
_c
BKS
999
_c
11361
_d
11361